INVENTORY CONTROL THEORY AND PRACTICE (Record no. 5241)

MARC details
000 -LEADER
fixed length control field 00325nam a2200121Ia 4500
008 - FIXED-LENGTH DATA ELEMENTS--GENERAL INFORMATION
fixed length control field 240624s9999 xx 000 0 und d
041 ## - LANGUAGE CODE
Language code of text/sound track or separate title eng
082 ## - DEWEY DECIMAL CLASSIFICATION NUMBER
Classification number 658.787 STR
100 ## - MAIN ENTRY--PERSONAL NAME
Personal name STARR MARTIN K
245 ## - TITLE STATEMENT
Title INVENTORY CONTROL THEORY AND PRACTICE
260 ## - PUBLICATION, DISTRIBUTION, ETC.
Date of publication, distribution, etc. 1962
Place of publication, distribution, etc. London
Name of publisher, distributor, etc. Prentice-Hall
300 ## - PHYSICAL DESCRIPTION
Extent ix, : 354 : p. : cm. ; 25
Holdings
Withdrawn status Lost status Damaged status Not for loan Home library Current library Shelving location Date acquired Full call number Barcode Date last seen Price effective from Koha item type
        IMTN IMTN Rack 33-B 05/15/2007 658.787 STR 5241 06/24/2024 06/24/2024 Books
Designed & Maintained by: LRC IMT Nagpur Contact: lrc@imtnag.ac.in© 2024. All Rights Reserved.